00622nam a22001457a 4500008004100000020001500041050002200056100001600078245007900094260005000173300005900223650007300282650005600355650006500411171122b xxu||||| |||| 00| 0 eng d a8187498145 aHD 1491 .R36 2000 aRao, V. M.  aDeveloping agro enterprises among farm women :ba case of Amulc V. M. Rao aNew Delhi :b Regency Publications, c©2000. ax, 108 pages, [1] folded leaf of plates : maps ; 23 cm a Cooperative marketing of farm produce -- India -- Kheda (District)  a Kaira District Cooperative Milk Producers' Union.  aAgriculture -- Economic aspects -- India -- Kheda (District)